00340nam a2200121Ia 4500008004100000082002100041100002500062245001100087260003000098300001000128630001800138650006200156211122s9999||||xx |||||||||||||| ||und|| a894.812 2bSHA-H aShakespeare, William 0aHamlet bD c BooksaKottayamc1989 a115p. xGeneral Stack aMalayalam LiteraturevMalayalam Drama LiteratureMalayalam